000 00314nam a2200121Ia 4500
008 220216s9999 xx 000 0 und d
100 _aDavey W S
245 0 _aNotes on developments in the preparation of raw rubber
260 _bIRI Transactions
_c1925
300 _a261-269
650 _aRaw rubber
942 _cJS
999 _c64072
_d64072